Theodore Roosevelt : The logic of his career
Gespeichert in:
| 1. Verfasser: | |
|---|---|
| Format: | Buch |
| Sprache: | Undetermined |
| Veröffentlicht: |
Boston
Houghton Mifflin
1916
|
| Tags: |
Tag hinzufügen
Keine Tags, Fügen Sie den ersten Tag hinzu!
|
| Thư viện lưu trữ: | Trung tâm Học liệu Trường Đại học Cần Thơ |
|---|
| LEADER | 00476nam a2200181Ia 4500 | ||
|---|---|---|---|
| 001 | CTU_78189 | ||
| 008 | 210402s9999 xx 000 0 und d | ||
| 082 | |a 973.4 | ||
| 082 | |b W315 | ||
| 100 | |a Washburn, Charles G. | ||
| 245 | 0 | |a Theodore Roosevelt : | |
| 245 | 4 | |b The logic of his career | |
| 245 | 0 | |c Charles G. Washburn | |
| 260 | |a Boston | ||
| 260 | |b Houghton Mifflin | ||
| 260 | |c 1916 | ||
| 904 | |i Năm | ||
| 980 | |a Trung tâm Học liệu Trường Đại học Cần Thơ | ||